| 000 | 02217nam a2200313 i 4500 | ||
|---|---|---|---|
| 001 | 000022127 | ||
| 003 | DO-SdBNP | ||
| 005 | 20260321073640.0 | ||
| 006 | a||||gr|||| 00| 0 | ||
| 007 | ta | ||
| 008 | 100917e1999 dr a 000 e spa d | ||
| 020 | _a8493063819 | ||
| 040 |
_aDO-SdBNP _bspa _cBNPHU _erda |
||
| 082 | 4 |
_aRD864.44 _bP964j _222 |
|
| 245 | 0 | 0 |
_aPrólogos de Juan Bosch / _ceditor, Orlando Inoa ; prólogo, Juan Bosch |
| 264 | 4 |
_aSanto Domingo : _bEditora Cole, _c1999. |
|
| 300 |
_a197 páginas : _bIlustraciones ; _c21 cm. |
||
| 336 |
_atexto _btxt _2rdacontent |
||
| 337 |
_asin mediación _bn _2rdamedia |
||
| 338 |
_avolumen _bnc _2rdacarrier |
||
| 505 | _aMiguel Tavárez (Guelo). Un paso hacia la verdad -- Juan Isidro Jimenes Grullón. La República Dominicana : análisis de su pasado y su presente -- Federico García Godoy. Guanuma -- Julio César Martínez. Santo Domingo : desde Trujillo hasta la revolución de abril -- Gérard Pierre Charles. Radiografía de una dictadura : Haití bajo el régimen del Doctor Duvalier -- La máscara : cuentos premiados -- Federico García Godoy. El derrumbe -- Emilio Rodríguez Demorizi. Cuentos de política criolla --Angela Peña. Partidos, políticos y presidentes dominicanos -- Armando Almánzor Rodríguez. Infancia feliz -- Ariette Fernández. Coronel Fernández Domínguez : fundador del movimiento militar constitucionalista --Virgilio Díaz Grullón. De niños, hombres y fantasmas -- Marcia Rodríguez. Haití, un pueblo rebelado -- Edición homenaje. Homenaje a Pedro Mir -- Pircilio Díaz. Una manera extraña de morir y otros relatos --Chiqui Vicioso. Bolver a vivir : imágenes de Nicaragua -- Carmen Sánchez. Descalza entre piedras -- José Diego Grullón. Cayo Confites : la revolución traicionada -- José Jáquez. Ají tití -- León David. Intento de bandera. | ||
| 590 | _aInventariado 2024 / MF | ||
| 600 | 1 | 0 |
_a Bosch, Juan, _d1909-2001 _xPrólogos y epílogos. _976555 |
| 650 | 4 |
_aEnsayos dominicanos _xColecciones _922619 |
|
| 650 | 0 |
_aLITERATURA DOMINICANA _xEnsayos _vColecciones _978268 |
|
| 700 | 1 |
_aInoa, Orlando, _eeditor _4ed. _95784 |
|
| 700 | 1 |
_a Bosch, Juan, _d1909-2001 _eprologuista _4pr. _976555 |
|
| 942 |
_2ddc _cLBS1 |
||
| 999 |
_c21625 _d21625 |
||